00841 2200325 4500001002100000005001500021035002000036245007800056100001600134250001700150300003200167700001500199260003500214082001100249084001700260020002200277650002400299990001600323990001600339990001600355990001600371990001600387990001600403990001600419990001600435990001600451990001600467990001600483990001600499INLIS00000000000076320241025070852 a0010-10240000561 aEnsiklopedia Fisika :bGaya, Usaha, dan Energi /cSri Soeyati, Agus Salam0 aSri Soeyati aCetakan ke-1 aiv, 44 hlm :bIlus ;c30 cm0 aAgus Salam aJakarta :bGaneca exact,c2007 a530.03 a530.03 SRI e a978-979-571-489-7 4aEnsiklopedia Fisika a00000003817 a00000003806 a00000003807 a00000003808 a00000003809 a00000003810 a00000003811 a00000003812 a00000003813 a00000003814 a00000003815 a00000003816